Filosofie pro každého

Guardado en:
Detalles Bibliográficos
Autor principal: Popkin, Richard H.
Otros Autores: Stroll, Avrum, Berka, Karel, Pištěk, Jan, Štekrová, Ivana
Formato: Libro
Lenguaje:checo
Publicado: Praha Ivo Železný 2000
Materias:
Etiquetas: Agregar Etiqueta
Sin Etiquetas, Sea el primero en etiquetar este registro!

MARC

LEADER 00000nam a2200000 4500
001 c141581
005 20221123132757.8
020 |a 80-240-0257-4 
041 0 |a cze 
044 |a CZ 
245 1 0 |a Filosofie pro každého  |c Richard H. Popkin, Avrum Stroll ; Přeložili: Karel Berka, Jan Pištěk a Ivana Štekrová 
264 1 |a Praha  |b Ivo Železný  |c 2000 
300 |a 407 s. 
610 2 0 |a filozofia 
610 2 0 |a etika 
610 2 0 |a teória poznania 
610 2 0 |a logika 
610 2 0 |a náboženstvo 
610 2 0 |a teórie politické 
610 2 0 |a osobnosť 
100 1 |a Popkin, Richard H. 
700 1 |a Stroll, Avrum 
700 1 |a Berka, Karel 
700 1 |a Pištěk, Jan 
700 1 |a Štekrová, Ivana